Im Anpassungsprozess zurückgeworfen <die> deutsche Wirtschaft vor neuen Hereusforderungen
Salvato in:
| Natura: | Libro |
|---|---|
| Lingua: | tedesco |
| Pubblicazione: |
Tübingen
Mohr
1984
|
| Serie: | Kieler Studien
185 |
| Tags: |
Nessun Tag, puoi essere il primo ad aggiungerne!!
|
MARC
| LEADER | 00000nam a2200000 4500 | ||
|---|---|---|---|
| 001 | c116602 | ||
| 005 | 20181203150340.0 | ||
| 041 | 0 | |a ger | |
| 044 | |a DE | ||
| 245 | 1 | 0 | |a Im Anpassungsprozess zurückgeworfen |b <die> deutsche Wirtschaft vor neuen Hereusforderungen |
| 264 | 1 | |a Tübingen |b Mohr |c 1984 | |
| 300 | |a 243 s. | ||
| 490 | 1 | |a Kieler Studien |v 185 | |
| 830 | 0 | |a Kieler Studien |v 185 | |